00515nam a22001697a 450000500170000001000260001702000260004303500240006903700130009308200100010610000170011624500630013326000440019627000770024030000220031770000060033920230706165142.0 aENG-121942 ENG-137328 a9788175557642c650.00 aEN-105474 EN-120860 bDBAD/PUB a613.7 aSanjay kumar aPhysical fitness wellness and lifestyle /cby Sanjay kumar c2017aNew DelhibUniversity Publication a22/4735 prakash Deep Building Ansari,Road Dariya GanjbNew Delhie110002 c22cm(hbk)a1524p. a